| 000 | 00802cam a2200253 a 4500 | ||
|---|---|---|---|
| 001 | 14410226 | ||
| 005 | 20231205041806.0 | ||
| 008 | 060612s2006 ii a b 001 0ceng | ||
| 020 | _a076193507X (paper back) | ||
| 020 | _a8178296624 (India : pb) | ||
| 020 | _a9780761935070 | ||
| 020 | _a9788178296623 | ||
| 040 |
_aDLC _cDLC _dC#P _dBAKER _dYDXCP _dOCLCQ _dDLC |
||
| 082 | 0 | 0 |
_a305.5/68 _222 |
| 245 | 0 | 0 |
_aUntouchability in rural India / _cGhanshyam Shah . |
| 260 |
_aNew Delhi ; _aThousand Oaks, Calif. : _bSage Publications, _c2006. |
||
| 300 | _a216 p. : | ||
| 650 | 0 | _aCaste | |
| 650 | 0 | _aDalits | |
| 700 | 1 |
_aShah, Ghanshyam. _eedt |
|
| 856 | 4 | 1 | _uhttp://www.loc.gov/catdir/toc/ecip0616/2006019476.html |
| 856 | 4 | 2 | _uhttp://www.loc.gov/catdir/enhancements/fy0704/2006019476-d.html |
| 942 | _cL | ||
| 999 |
_c149 _d149 |
||